000
00350nam a2200133Ia 4500
008
151001s9999||||xx |||||||||||||| ||und||
100
_a
गो द कुलकर्णी
245
_a
प्रेमाची फुले
250
_a
1
260
_b
सुरस ग्रंथमाला
260
_c
1973
300
_a
83
365
_b
18
999
_c
956158
_d
956155